| 000 | 00771cam a2200217 a 4500 | ||
|---|---|---|---|
| 001 | 000006680 | ||
| 005 | 20200929153956.0 | ||
| 008 | 980116s1997 iluab 000 0 eng d | ||
| 020 | _a0844270288 | ||
| 040 |
_aDO-SdBNP _cBNPHU _bspa |
||
| 041 | 1 | 7 | _aspa |
| 082 |
_a486.2421 _bK19e |
||
| 100 | 1 |
_aKattán-Ibarra, Juan. _918612 |
|
| 245 | 1 | 0 |
_aEspaña nuevo siglo : _blanguage in context / _cJuan Kattán-Ibarra, Tim Connell ; editor Elizabeth Millán. |
| 260 |
_aLincolnwood : _bNational Textbook Company, _c1997. |
||
| 300 |
_avi, 192 p. : _bil., mapas ; _c28 cm. |
||
| 650 | 4 |
_aEspañol _xLibros de texto para extranjeros _xIngles _918613 |
|
| 651 | 4 |
_aEspaña _xVida Social Y Costumbres _918614 |
|
| 700 | 1 |
_aConnell, Tim. _918615 |
|
| 700 | 1 |
_aMillán, Elizabeth _eed. _918616 |
|
| 999 |
_c6469 _d6469 |
||